Größte Airlineflotten der Welt - Statistiken

Allgemein
  • Dieses Quiz wurde 73 mal gespielt
  • Das Durchschnittsergebnis liegt bei 6 aus 16
Antwortstatistiken
Flugzeuge Airline % Korrekt
721 Lufthansa
96%
260 Emirates
74%
965 American Airlines
60%
279 British Airways
56%
584 Ryanair
54%
945 United Airlines
46%
902 Delta Air Lines
44%
440 Turkish Airlines
41%
336 easyjet
37%
495 Air China
34%
817 Southwest Airlines
22%
304 Indigo
13%
908 China Southern Airlines
12%
782 China Eastern Airlines
10%
300 jetBlue
10%
314 Alaska Airlines
1%
Keine übereinstimmenden Quizze gefunden
Verteilung der Resultate
Anzahl Personen mit jedem Resultat
Perzentil nach korrekt beantworteten Fragen
Ihre Resultats-Entwicklung
Sie haben dieses Quiz noch nicht gespielt